000 00729cab a2200241 4500
001 WB3519-04
008 090401t1999 xxu||||| |||| 00| 0 eng d
035 _a(Sirsi) u93513
041 _aeng
245 _aGrowth strikes balance
260 _c1999
350 _a0
490 _aConstruction News
_v(6616) 20 May 1999, 4(1)
520 _aThe Construction Confederation's latest survey of member firms suggests that the construction industry is entering a period of sustained and steady growth. Graph.
650 _aCONSTRUCTION CONFEDERATION
650 _aCONSTRUCTION MARKET
650 _aOUTPUT
650 _aSURVEYS
650 _aWORKLOADS
690 _aBUILT ENVIRONMENT
942 _n0
948 _c21/05/1999
999 _c59259
_d59259